000 00511nam a22002051 4500
001 bimo0001313801
003 OSt
005 20140825213004.0
008 960722s1963 sp spa
040 _aSpMaBN
_cBMC
082 _a910.41
100 _9150
_aPigafetta, Antonio
245 1 0 _aPrimer viaje en torno del globo
_cAntonio Pigafetta
250 _a5ยช ed
260 0 _aMadrid
_bEspasa-Calpe
_c1963
300 _a156 p.
_c18 cm
490 0 _aAustral
_v207
650 _aViajes
_9136
942 _2ddc
_cBK
999 _c326
_d326